[Event "4th Chessfestival Gredine 2018"]
[Site "Ortisei"]
[Date "2018.06.21"]
[Round "6.14"]
[White "Vaishali R"]
[Black "Chennaoui, Yasin"]
[Result "1-0"]
[WhiteElo "2310"]
[BlackElo "2002"]
[Annotator "NA"]
[PlyCount "115"]
[EventDate "2018.06.16"]
[EventType "swiss"]
[EventCountry "ITA"]
[SourceTitle "playchess.com"]
[Source "ChessBase"]
[SourceQuality "1"]
[TimeControl "40/5400+30:1800+30"]

1. e4 {[%emt 0:00:30]} e5 {[%emt 0:01:00]} 2. Nf3 {[%emt 0:00:00]} Nf6 {[%emt 0:00:30]} 3. Nxe5 {[%emt 0:00:00]} d6 {[%emt 0:00:00]} 4. Nf3 {[%emt 0:00:00]} Nxe4 {[%emt 0:00:00]} 5. c4 {[%emt 0:00:00]} Be7 {[%emt 0:01:30]} 6. d4 {[%emt 0:00:30]} c6 {[%emt 0:02:30]} 7. Bd3 {[%emt 0:01:30]} d5 {[%emt 0:05:30]} 8. O-O {[%emt 0:01:30]} Bf5 {[%emt 0:03:30]} 9. Qc2 {[%emt 0:01:30]} Nd7 {[%emt 0:02:30]} 10. Nc3 {[%emt 0:10:30]} Ndf6 {[%emt 0:01:30]} 11. Ng5 {[%emt 0:09:30]} h6 {[%emt 0:06:30]} 12. Ngxe4 {[%emt 0:01:30]} dxe4 {[%emt 0:00:30]} 13. Nxe4 {[%emt 0:00:00]} Bxe4 {[%emt 0:00:30]} 14. Bxe4 {[%emt 0:00:00]} Qxd4 {[%emt 0:00:30]} 15. Bf3 {[%emt 0:03:30]} O-O {[%emt 0:03:30]} 16. Be3 {[%emt 0:02:30]} Qd7 {[%emt 0:10:30]} 17. Rad1 {[%emt 0:01:30]} Qc7 {[%emt 0:02:30]} 18. Qf5 {[%emt 0:07:30]} Rad8 {[%emt 0:05:30]} 19. Bd4 {[%emt 0:09:30]} Qc8 {[%emt 0:09:30]} 20. Qa5 {[%emt 0:08:30]} a6 {[%emt 0:01:30]} 21. Bc3 {[%emt 0:04:30]} Rxd1 {[%emt 0:02:30]} 22. Rxd1 {[%emt 0:00:30]} Rd8 {[%emt 0:00:30]} 23. Re1 {[%emt 0:05:30]} Re8 {[%emt 0:02:30]} 24. b4 {[%emt 0:01:30]} Bd8 {[%emt 0:01:30]} 25. Rxe8+ {[%emt 0:01:30]} Nxe8 {[%emt 0:00:00]} 26. Qc5 {[%emt 0:02:30]} Bf6 {[%emt 0:02:00]} 27. Bxf6 {[%emt 0:11:29]} Nxf6 {[%emt 0:02:30]} 28. g3 {[%emt 0:00:30]} Qd8 {[%emt 0:05:30]} 29. Kg2 {[%emt 0:01:34]} g6 {[%emt 0:00:30]} 30. a4 {[%emt 0:00:50]} Kg7 {[%emt 0:00:30]} 31. a5 {[%emt 0:04:14]} Qd2 {[%emt 0:07:30]} 32. Qb6 {[%emt 0:04:40]} Qe1 {[%emt 0:01:30]} 33. b5 {[%emt 0:02:35]} axb5 {[%emt 0:01:07]} 34. cxb5 {[%emt 0:00:12]} cxb5 {[%emt 0:00:20]} 35. Bxb7 {[%emt 0:00:36]} Qe5 {[%emt 0:03:32]} 36. Bf3 {[%emt 0:04:14]} Nd7 {[%emt 0:03:10]} 37. Qc6 {[%emt 0:00:58]} Nc5 {[%emt 0:02:01]} 38. Qxb5 {[%emt 0:00:32]} Qd4 {[%emt 0:01:48]} 39. Qb6 {[%emt 0:00:24]} Qc4 {[%emt 0:03:09]} 40. Qc6 {[%emt 0:00:36]} Qd4 {[%emt 0:02:53]} 41. Be2 {[%emt 0:11:06]} Ne4 {[%emt 0:03:30]} 42. Qb6 {[%emt 0:00:00]} Qd2 {[%emt 0:02:30]} 43. Qe3 {[%emt 0:03:21]} Qxe3 {[%emt 0:05:30]} 44. fxe3 {[%emt 0:00:02]} Nd6 {[%emt 0:00:30]} 45. a6 {[%emt 0:00:27]} Nc8 {[%emt 0:00:00]} 46. Kf3 {[%emt 0:00:13]} f5 {[%emt 0:01:00]} 47. e4 {[%emt 0:00:29]} Kf6 {[%emt 0:00:30]} 48. exf5 {[%emt 0:00:11]} Kxf5 {[%emt 0:01:30]} 49. Bd3+ {[%emt 0:00:06]} Kf6 {[%emt 0:00:30]} 50. Ke3 {[%emt 0:00:27]} g5 {[%emt 0:00:30]} 51. Kd4 {[%emt 0:00:07]} h5 {[%emt 0:02:30]} 52. Kd5 {[%emt 0:00:17]} Ke7 {[%emt 0:00:30]} 53. Bf5 {[%emt 0:00:53]} Nd6 {[%emt 0:01:30]} 54. Kc6 {[%emt 0:00:31]} Nxf5 {[%emt 0:00:30]} 55. a7 {[%emt 0:00:01]} Nd4+ {[%emt 0:00:30]} 56. Kb6 {[%emt 0:00:25]} h4 {[%emt 0:00:30]} 57. a8=Q {[%emt 0:00:30]} hxg3 {[%emt 0:00:30]} 58. Qa3+ {[%emt 0:00:30]} 1-0

[Event "4th Chessfestival Gredine 2018"]
[Site "Ortisei"]
[Date "2018.06.21"]
[Round "6.15"]
[White "Movileanu, Daniela"]
[Black "De Vita, Gianni"]
[Result "1-0"]
[WhiteElo "2199"]
[BlackElo "2036"]
[Annotator "NA"]
[PlyCount "63"]
[EventDate "2018.06.16"]
[EventType "swiss"]
[EventCountry "ITA"]
[SourceTitle "playchess.com"]
[Source "ChessBase"]
[SourceQuality "1"]
[TimeControl "40/5400+30:1800+30"]

1. e4 {[%emt 0:00:30]} c5 {[%emt 0:01:00]} 2. Nf3 {[%emt 0:00:00]} e6 {[%emt 0:00:30]} 3. d4 {[%emt 0:00:00]} cxd4 {[%emt 0:00:00]} 4. Nxd4 {[%emt 0:00:30]} a6 {[%emt 0:00:00]} 5. Bd3 {[%emt 0:00:30]} Ne7 {[%emt 0:01:30]} 6. O-O {[%emt 0:04:30]} Nbc6 {[%emt 0:00:30]} 7. Nxc6 {[%emt 0:01:30]} Nxc6 {[%emt 0:00:00]} 8. c4 {[%emt 0:00:30]} Qc7 {[%emt 0:05:00]} 9. Nc3 {[%emt 0:02:30]} b6 {[%emt 0:03:30]} 10. b3 {[%emt 0:03:30]} Bc5 {[%emt 0:01:30]} 11. Bb2 {[%emt 0:00:30]} Bb7 {[%emt 0:04:30]} 12. Kh1 {[%emt 0:01:30]} Nd4 {[%emt 0:08:30]} 13. Na4 {[%emt 0:08:30]} e5 {[%emt 0:01:30]} 14. f4 {[%emt 0:18:30]} d6 {[%emt 0:04:30]} 15. Nc3 {[%emt 0:02:30]} h5 {[%emt 0:11:30]} 16. b4 {[%emt 0:05:30]} Bxb4 {[%emt 0:00:30]} 17. Qa4+ {[%emt 0:00:30]} Nc6 {[%emt 0:01:30]} 18. Nd5 {[%emt 0:00:30]} Qd7 {[%emt 0:06:30]} 19. Nxb4 {[%emt 0:00:00]} h4 {[%emt 0:00:30]} 20. Nd5 {[%emt 0:03:00]} h3 {[%emt 0:01:30]} 21. g3 {[%emt 0:45:30]} b5 {[%emt 0:04:30]} 22. Qd1 {[%emt 0:00:00]} bxc4 {[%emt 0:02:30]} 23. Bxc4 {[%emt 0:00:00]} Na5 {[%emt 0:01:30]} 24. Bd3 {[%emt 0:00:00]} f5 {[%emt 0:01:30]} 25. Qe2 {[%emt 0:00:00]} Qa4 {[%emt 0:03:30]} 26. fxe5 {[%emt 0:00:00]} fxe4 {[%emt 0:04:30]} 27. Bxe4 {[%emt 0:00:00]} Rc8 {[%emt 0:01:30]} 28. exd6 {[%emt 0:00:00]} Kd8 {[%emt 0:00:30]} 29. Qe3 {[%emt 0:00:00]} Rc2 {[%emt 0:02:30]} 30. Rac1 {[%emt 0:00:00]} Re8 {[%emt 0:22:25]} 31. Qb6+ {[%emt 0:00:00]} Kc8 {[%emt 0:05:59]} 32. d7+ {[%emt 0:00:00]} 1-0

[Event "4th Chessfestival Gredine 2018"]
[Site "Ortisei"]
[Date "2018.06.21"]
[Round "6.16"]
[White "Voltolini, Giuseppe"]
[Black "Herzog, Adolf"]
[Result "1/2-1/2"]
[WhiteElo "2150"]
[BlackElo "2344"]
[Annotator "NA"]
[PlyCount "135"]
[EventDate "2018.06.16"]
[EventType "swiss"]
[EventCountry "ITA"]
[SourceTitle "playchess.com"]
[Source "ChessBase"]
[SourceQuality "1"]
[TimeControl "40/5400+30:1800+30"]

1. d4 {[%emt 0:00:30]} d5 {[%emt 0:01:00]} 2. c4 {[%emt 0:00:00]} c6 {[%emt 0:00:00]} 3. Nf3 {[%emt 0:00:00]} Nf6 {[%emt 0:00:00]} 4. e3 {[%emt 0:01:30]} Bf5 {[%emt 0:04:30]} 5. Nc3 {[%emt 0:01:30]} e6 {[%emt 0:00:30]} 6. Nh4 {[%emt 0:01:30]} Bg6 {[%emt 0:00:30]} 7. Qb3 {[%emt 0:00:30]} Qc7 {[%emt 0:04:30]} 8. Nxg6 {[%emt 0:07:30]} hxg6 {[%emt 0:00:00]} 9. g3 {[%emt 0:00:30]} Nbd7 {[%emt 0:00:00]} 10. Bd2 {[%emt 0:01:30]} a6 {[%emt 0:04:30]} 11. Rc1 {[%emt 0:15:30]} Rc8 {[%emt 0:02:30]} 12. Bg2 {[%emt 0:03:30]} dxc4 {[%emt 0:12:30]} 13. Qxc4 {[%emt 0:00:30]} Be7 {[%emt 0:02:30]} 14. O-O {[%emt 0:12:30]} O-O {[%emt 0:05:30]} 15. Qb3 {[%emt 0:01:30]} e5 {[%emt 0:07:30]} 16. d5 {[%emt 0:02:30]} c5 {[%emt 0:02:30]} 17. a4 {[%emt 0:08:30]} b6 {[%emt 0:06:30]} 18. Rfd1 {[%emt 0:01:30]} Bd6 {[%emt 0:00:30]} 19. Qc4 {[%emt 0:01:30]} Ra8 {[%emt 0:02:30]} 20. b3 {[%emt 0:02:30]} Qd8 {[%emt 0:02:30]} 21. h3 {[%emt 0:02:30]} Qe7 {[%emt 0:00:30]} 22. Rc2 {[%emt 0:06:30]} Ne8 {[%emt 0:02:30]} 23. Ne4 {[%emt 0:00:00]} f5 {[%emt 0:00:30]} 24. Nxd6 {[%emt 0:01:00]} Nxd6 {[%emt 0:00:00]} 25. Qe2 {[%emt 0:00:30]} e4 {[%emt 0:04:00]} 26. Bc3 {[%emt 0:01:30]} b5 {[%emt 0:01:30]} 27. h4 {[%emt 0:01:30]} Rfc8 {[%emt 0:00:30]} 28. Rb1 {[%emt 0:02:30]} Nb6 {[%emt 0:02:30]} 29. axb5 {[%emt 0:03:30]} axb5 {[%emt 0:00:00]} 30. Qd2 {[%emt 0:00:32]} Nd7 {[%emt 0:04:00]} 31. Bf1 {[%emt 0:00:28]} Rc7 {[%emt 0:00:30]} 32. Ra2 {[%emt 0:01:04]} Rac8 {[%emt 0:00:30]} 33. Ra5 {[%emt 0:01:19]} Rb7 {[%emt 0:04:30]} 34. Rba1 {[%emt 0:01:02]} Ne5 {[%emt 0:01:30]} 35. Bxe5 {[%emt 0:02:28]} Qxe5 {[%emt 0:00:00]} 36. Rc1 {[%emt 0:04:31]} c4 {[%emt 0:02:00]} 37. bxc4 {[%emt 0:01:16]} bxc4 {[%emt 0:00:30]} 38. Qc3 {[%emt 0:01:35]} Qxc3 {[%emt 0:00:30]} 39. Rxc3 {[%emt 0:00:06]} Rb3 {[%emt 0:00:30]} 40. Rc1 {[%emt 0:01:54]} c3 {[%emt 0:30:30]} 41. Ra6 {[%emt 0:30:30]} c2 {[%emt 0:03:49]} 42. Rc6 {[%emt 0:04:27]} Rxc6 {[%emt 0:00:11]} 43. dxc6 {[%emt 0:00:08]} Rc3 {[%emt 0:00:30]} 44. Be2 {[%emt 0:01:46]} Rxc6 {[%emt 0:03:33]} 45. Kf1 {[%emt 0:00:17]} g5 {[%emt 0:05:19]} 46. hxg5 {[%emt 0:00:14]} Nf7 {[%emt 0:03:46]} 47. Ke1 {[%emt 0:04:13]} Nxg5 {[%emt 0:00:00]} 48. g4 {[%emt 0:00:00]} Kf7 {[%emt 0:00:00]} 49. gxf5 {[%emt 0:00:00]} Kf6 {[%emt 0:00:00]} 50. Kd2 {[%emt 0:00:00]} Kxf5 {[%emt 0:00:00]} 51. Rxc2 {[%emt 0:00:00]} Rd6+ {[%emt 0:00:00]} 52. Ke1 {[%emt 0:00:00]} Rd5 {[%emt 0:00:00]} 53. Rb2 {[%emt 0:00:00]} Nf3+ {[%emt 0:00:00]} 54. Bxf3 {[%emt 0:00:00]} exf3 {[%emt 0:00:00]} 55. Rb4 {[%emt 0:00:00]} Ke6 {[%emt 0:00:00]} 56. Rf4 {[%emt 0:00:00]} Rf5 {[%emt 0:00:00]} 57. Rxf5 {[%emt 0:00:00]} Kxf5 {[%emt 0:00:00]} 58. Kf1 {[%emt 0:00:00]} Kg4 {[%emt 0:00:00]} 59. Kg1 {[%emt 0:00:00]} Kh3 {[%emt 0:00:00]} 60. Kh1 {[%emt 0:00:00]} g5 {[%emt 0:00:00]} 61. Kg1 {[%emt 0:00:00]} Kh4 {[%emt 0:00:00]} 62. Kh2 {[%emt 0:00:00]} Kg4 {[%emt 0:00:03]} 63. Kh1 {[%emt 0:00:00]} Kh3 {[%emt 0:03:49]} 64. Kg1 {[%emt 0:00:00]} Kg4 {[%emt 0:00:44]} 65. Kh2 {[%emt 0:00:00]} Kh4 {[%emt 0:00:39]} 66. Kh1 {[%emt 0:00:00]} Kh3 {[%emt 0:00:19]} 67. Kg1 {[%emt 0:00:00]} Kh4 {[%emt 0:00:59]} 68. Kh2 1/2-1/2

[Event "4th Chessfestival Gredine 2018"]
[Site "Ortisei"]
[Date "2018.06.21"]
[Round "6.17"]
[White "Schnelzer, Reinhold"]
[Black "Fischer, Daniel"]
[Result "1/2-1/2"]
[WhiteElo "2182"]
[BlackElo "2263"]
[Annotator "NA"]
[PlyCount "43"]
[EventDate "2018.06.16"]
[EventType "swiss"]
[EventCountry "ITA"]
[SourceTitle "playchess.com"]
[Source "ChessBase"]
[SourceQuality "1"]
[TimeControl "40/5400+30:1800+30"]

1. d4 {[%emt 0:00:30]} Nf6 {[%emt 0:01:00]} 2. c4 {[%emt 0:00:00]} e6 {[%emt 0:00:00]} 3. Nf3 {[%emt 0:00:00]} d5 {[%emt 0:00:00]} 4. Nc3 {[%emt 0:00:30]} Be7 {[%emt 0:00:00]} 5. Bf4 {[%emt 0:00:30]} O-O {[%emt 0:00:00]} 6. e3 {[%emt 0:00:30]} c5 {[%emt 0:00:30]} 7. dxc5 {[%emt 0:02:30]} Bxc5 {[%emt 0:00:30]} 8. cxd5 {[%emt 0:01:30]} Nxd5 {[%emt 0:00:30]} 9. Nxd5 {[%emt 0:00:30]} exd5 {[%emt 0:00:00]} 10. a3 {[%emt 0:01:30]} Nc6 {[%emt 0:01:00]} 11. Bd3 {[%emt 0:01:30]} Bb6 {[%emt 0:03:30]} 12. O-O {[%emt 0:02:30]} Bg4 {[%emt 0:02:30]} 13. b4 {[%emt 0:05:30]} d4 {[%emt 0:12:30]} 14. b5 {[%emt 0:06:30]} Na5 {[%emt 0:02:30]} 15. exd4 {[%emt 0:03:30]} Qd5 {[%emt 0:02:30]} 16. Be2 {[%emt 0:03:30]} Rad8 {[%emt 0:20:30]} 17. Rc1 {[%emt 0:05:30]} Nb3 {[%emt 0:20:30]} 18. Rb1 {[%emt 0:16:30]} Nxd4 {[%emt 0:01:30]} 19. Nxd4 {[%emt 0:00:30]} Qxd4 {[%emt 0:01:30]} 20. Qxd4 {[%emt 0:01:30]} Rxd4 {[%emt 0:01:30]} 21. Bxg4 {[%emt 0:01:30]} Rxf4 {[%emt 0:00:30]} 22. Bf3 {[%emt 0:00:30]} 1/2-1/2

[Event "4th Chessfestival Gredine 2018"]
[Site "Ortisei"]
[Date "2018.06.21"]
[Round "6.18"]
[White "Thiel, Thomas"]
[Black "Zenari, Marco"]
[Result "1-0"]
[WhiteElo "2261"]
[BlackElo "2177"]
[Annotator "NA"]
[PlyCount "81"]
[EventDate "2018.06.16"]
[EventType "swiss"]
[EventCountry "ITA"]
[SourceTitle "playchess.com"]
[Source "ChessBase"]
[SourceQuality "1"]
[TimeControl "40/5400+30:1800+30"]

1. d4 {[%emt 0:00:30]} Nf6 {[%emt 0:01:00]} 2. Bg5 {[%emt 0:00:00]} c5 {[%emt 0:00:30]} 3. d5 {[%emt 0:00:00]} Ne4 {[%emt 0:00:30]} 4. Bf4 {[%emt 0:00:00]} Qb6 {[%emt 0:01:30]} 5. Nd2 {[%emt 0:00:00]} Nxd2 {[%emt 0:02:30]} 6. Bxd2 {[%emt 0:00:30]} e5 {[%emt 0:11:30]} 7. Bc3 {[%emt 0:07:30]} d6 {[%emt 0:00:30]} 8. f4 {[%emt 0:00:30]} Nd7 {[%emt 0:18:30]} 9. Nf3 {[%emt 0:22:30]} Be7 {[%emt 0:00:30]} 10. fxe5 {[%emt 0:02:30]} dxe5 {[%emt 0:00:30]} 11. Nxe5 {[%emt 0:09:30]} Nxe5 {[%emt 0:00:30]} 12. Bxe5 {[%emt 0:00:30]} Bf6 {[%emt 0:00:30]} 13. Bxf6 {[%emt 0:03:30]} Qxf6 {[%emt 0:00:30]} 14. Qd2 {[%emt 0:06:30]} Qxb2 {[%emt 0:24:30]} 15. Qe3+ {[%emt 0:00:30]} Kd8 {[%emt 0:03:30]} 16. Rd1 {[%emt 0:00:30]} Re8 {[%emt 0:01:30]} 17. Qxc5 {[%emt 0:02:30]} Bd7 {[%emt 0:01:30]} 18. Qd4 {[%emt 0:01:30]} Qxc2 {[%emt 0:02:30]} 19. Qxg7 {[%emt 0:01:30]} Qf5 {[%emt 0:05:30]} 20. h4 {[%emt 0:02:30]} f6 {[%emt 0:02:59]} 21. Rh3 {[%emt 0:00:00]} Qf4 {[%emt 0:01:15]} 22. Rf3 {[%emt 0:01:00]} Qxh4+ {[%emt 0:00:26]} 23. g3 {[%emt 0:00:30]} Qg5 {[%emt 0:07:07]} 24. Qxf6+ {[%emt 0:00:30]} Qxf6 {[%emt 0:00:04]} 25. Rxf6 {[%emt 0:00:30]} Rc8 {[%emt 0:00:38]} 26. Rd2 {[%emt 0:01:30]} Rc3 {[%emt 0:00:49]} 27. Kf2 {[%emt 0:00:30]} Ke7 {[%emt 0:04:51]} 28. Rf3 {[%emt 0:01:30]} Rxf3+ {[%emt 0:00:22]} 29. exf3 {[%emt 0:00:00]} Kd6 {[%emt 0:00:19]} 30. Bd3 {[%emt 0:00:00]} h6 {[%emt 0:01:38]} 31. Be4 {[%emt 0:00:30]} Rc8 {[%emt 0:02:01]} 32. Ke3 {[%emt 0:00:30]} b5 {[%emt 0:01:34]} 33. Rh2 {[%emt 0:00:30]} Rc3+ {[%emt 0:01:33]} 34. Kf4 {[%emt 0:00:00]} a5 {[%emt 0:00:54]} 35. Rxh6+ {[%emt 0:00:00]} Kc5 {[%emt 0:00:02]} 36. Ke5 {[%emt 0:00:30]} b4 {[%emt 0:00:39]} 37. Rh7 {[%emt 0:00:30]} Ba4 {[%emt 0:01:18]} 38. d6 {[%emt 0:01:30]} Ra3 {[%emt 0:00:37]} 39. Ra7 {[%emt 0:12:30]} Rxa2 {[%emt 0:02:21]} 40. Rxa5+ {[%emt 0:00:00]} Kb6 {[%emt 0:30:03]} 41. d7 {[%emt 0:30:00]} 1-0

[Event "4th Chessfestival Gredine 2018"]
[Site "Ortisei"]
[Date "2018.06.21"]
[Round "6.19"]
[White "Stelzer, Harald"]
[Black "Wecker, Martin"]
[Result "0-1"]
[WhiteElo "2227"]
[BlackElo "2143"]
[Annotator "NA"]
[PlyCount "60"]
[EventDate "2018.06.16"]
[EventType "swiss"]
[EventCountry "ITA"]
[SourceTitle "playchess.com"]
[Source "ChessBase"]
[SourceQuality "1"]
[TimeControl "40/5400+30:1800+30"]

1. e4 c5 2. Nf3 e6 {[%emt 0:01:30]} 3. d4 {[%emt 0:00:30]} cxd4 {[%emt 0:00:00]} 4. Nxd4 {[%emt 0:00:00]} Nc6 {[%emt 0:00:00]} 5. Nc3 {[%emt 0:00:00]} Qc7 {[%emt 0:00:00]} 6. Ndb5 {[%emt 0:01:30]} Qb8 {[%emt 0:00:00]} 7. Be3 {[%emt 0:00:30]} a6 {[%emt 0:00:30]} 8. Bb6 {[%emt 0:02:30]} axb5 {[%emt 0:00:00]} 9. Nxb5 {[%emt 0:00:00]} Bb4+ {[%emt 0:00:00]} 10. c3 {[%emt 0:00:00]} Ba5 {[%emt 0:00:00]} 11. Nc7+ {[%emt 0:00:30]} Qxc7 {[%emt 0:00:00]} 12. Bxc7 {[%emt 0:00:00]} Bxc7 {[%emt 0:00:30]} 13. Qg4 {[%emt 0:00:00]} Be5 {[%emt 0:00:00]} 14. Bb5 {[%emt 0:01:30]} Nf6 {[%emt 0:06:00]} 15. Qe2 {[%emt 0:00:30]} O-O {[%emt 0:03:30]} 16. O-O {[%emt 0:00:30]} Bc7 {[%emt 0:01:30]} 17. a4 {[%emt 0:07:30]} d5 {[%emt 0:01:30]} 18. Bd3 {[%emt 0:07:30]} Ne5 {[%emt 0:09:30]} 19. Bc2 {[%emt 0:00:30]} Bd7 {[%emt 0:02:30]} 20. exd5 {[%emt 0:26:30]} exd5 {[%emt 0:03:30]} 21. f3 {[%emt 0:11:30]} Nc4 {[%emt 0:05:30]} 22. Rfb1 {[%emt 0:11:30]} Rfe8 {[%emt 0:03:30]} 23. Qd1 {[%emt 0:00:30]} Bb6+ {[%emt 0:12:30]} 24. Kh1 {[%emt 0:00:30]} Re5 {[%emt 0:06:30]} 25. Bd3 {[%emt 0:00:30]} Rae8 {[%emt 0:04:30]} 26. b3 {[%emt 0:07:30]} Ne3 {[%emt 0:00:30]} 27. Qd2 {[%emt 0:00:30]} Nh5 {[%emt 0:03:30]} 28. Qf2 {[%emt 0:11:40]} Nd1 {[%emt 0:01:30]} 29. Qxb6 {[%emt 0:03:15]} Re1+ {[%emt 0:00:30]} 30. Qg1 {[%emt 0:00:02]} Nf2# 0-1

[Event "4th Chessfestival Gredine 2018"]
[Site "Ortisei"]
[Date "2018.06.21"]
[Round "6.20"]
[White "Curien, Nicolas"]
[Black "Uhl, Michael"]
[Result "1-0"]
[WhiteElo "2204"]
[BlackElo "2116"]
[Annotator "NA"]
[PlyCount "71"]
[EventDate "2018.06.16"]
[EventType "swiss"]
[EventCountry "ITA"]
[SourceTitle "playchess.com"]
[Source "ChessBase"]
[SourceQuality "1"]
[TimeControl "40/5400+30:1800+30"]

1. d4 {[%emt 0:00:30]} d5 {[%emt 0:01:00]} 2. Bf4 {[%emt 0:00:00]} c5 {[%emt 0:00:30]} 3. e3 {[%emt 0:00:00]} Nc6 {[%emt 0:00:30]} 4. c3 {[%emt 0:00:30]} Nf6 {[%emt 0:00:30]} 5. Nd2 {[%emt 0:00:00]} Qb6 {[%emt 0:00:30]} 6. Qb3 {[%emt 0:01:00]} c4 {[%emt 0:01:30]} 7. Qc2 {[%emt 0:00:30]} Bg4 {[%emt 0:01:30]} 8. h3 {[%emt 0:06:30]} Bh5 {[%emt 0:01:30]} 9. b3 {[%emt 0:00:30]} Bg6 {[%emt 0:00:30]} 10. Qd1 {[%emt 0:02:30]} cxb3 {[%emt 0:03:30]} 11. axb3 {[%emt 0:00:30]} e6 {[%emt 0:02:30]} 12. b4 {[%emt 0:10:30]} Be7 {[%emt 0:11:30]} 13. b5 {[%emt 0:01:30]} Nb8 {[%emt 0:02:30]} 14. Ngf3 {[%emt 0:17:30]} O-O {[%emt 0:02:30]} 15. Be2 {[%emt 0:02:30]} Rc8 {[%emt 0:01:30]} 16. Qb3 {[%emt 0:01:30]} Ne4 {[%emt 0:05:30]} 17. c4 {[%emt 0:04:30]} dxc4 {[%emt 0:04:30]} 18. Nxc4 {[%emt 0:00:30]} Qd8 {[%emt 0:00:00]} 19. O-O {[%emt 0:01:30]} Nd7 {[%emt 0:04:00]} 20. Rfc1 {[%emt 0:03:30]} Nb6 {[%emt 0:06:30]} 21. Nxb6 {[%emt 0:05:30]} Qxb6 {[%emt 0:00:30]} 22. Ne5 {[%emt 0:00:30]} Nf6 {[%emt 0:03:30]} 23. Rxc8+ {[%emt 0:06:30]} Rxc8 {[%emt 0:00:00]} 24. Nc4 {[%emt 0:00:30]} Qd8 {[%emt 0:03:00]} 25. Rxa7 {[%emt 0:00:00]} Be4 {[%emt 0:02:30]} 26. f3 {[%emt 0:05:00]} Bd5 {[%emt 0:00:30]} 27. Qa4 {[%emt 0:00:30]} Bxc4 {[%emt 0:02:30]} 28. Bxc4 {[%emt 0:00:30]} Nd5 {[%emt 0:03:30]} 29. Bxd5 {[%emt 0:00:30]} Qxd5 {[%emt 0:00:00]} 30. e4 {[%emt 0:09:30]} Qd7 {[%emt 0:01:00]} 31. Ra8 {[%emt 0:03:48]} h6 {[%emt 0:02:30]} 32. Rxc8+ {[%emt 0:07:18]} Qxc8 {[%emt 0:00:30]} 33. b6 {[%emt 0:00:52]} e5 {[%emt 0:09:30]} 34. Bxe5 {[%emt 0:01:45]} Qc1+ {[%emt 0:00:30]} 35. Kh2 {[%emt 0:00:09]} Bh4 {[%emt 0:00:30]} 36. Qe8+ {[%emt 0:01:35]} 1-0

[Event "4th Chessfestival Gredine 2018"]
[Site "Ortisei"]
[Date "2018.06.22"]
[Round "7.1"]
[White "Saric, Ivan"]
[Black "Praggnanandhaa R"]
[Result "1/2-1/2"]
[WhiteElo "2685"]
[BlackElo "2529"]
[Annotator "TA"]
[PlyCount "81"]
[EventDate "2018.06.16"]
[EventType "swiss"]
[EventCountry "ITA"]
[SourceTitle "playchess.com"]
[Source "ChessBase"]
[SourceQuality "1"]

{[%evp 27,81,26,28,23,27,14,22,34,31,9,9,9,9,9,20,18,26,2,10,7,13,11,8,0,7,0,32,14,11,24,170,68,62,62,77,66,61,0,0,0,0,-50,-60,-132,-133,-127,-110,-107,-66,-138,0,0,0,0,0,0]} 1. e4 e5 2. Nf3 Nc6 3. Bb5 a6 4. Ba4 Nf6 5. O-O b5 6. Bb3 Bc5 7. c3 d6 8. d4 Bb6 9. a4 Rb8 10. a5 {C78: Ruy Lopez: Archangelsk and Möller Defences} Ba7 11. Be3 Bg4 (11... exd4 12. cxd4 Bg4 13. Qc1 Qd7 14. Nbd2 O-O 15. e5 dxe5 16. Nxe5 Nxe5 17. dxe5 Bxe3 18. fxe3 Rbd8 19. exf6 Qxd2 20. fxg7 Kxg7 21. Qc5 Rd6 22. Qe5+ Kg6 23. Rf2 f6 24. Qf4 {1-0 (24) Yu,Y (2760)-Shankland,S (2671) Liaocheng 2018}) 12. Nbd2 O-O 13. h3 Bh5 14. Qe1 exd4 {LiveBook: 3 Games} 15. Nxd4 Nxd4 16. Bxd4 c5 17. Bxf6 $1 Qxf6 18. Qe3 $146 Rb7 {Strongly threatening ...c4.} 19. Bd5 c4 20. Qg3 Rbb8 21. Rae1 Kh8 22. Kh1 Qd8 23. f4 {[%cal Bf2f4,Bf4f5][%mdl 32]} f6 24. Ra1 Bf7 25. Nf3 Qc7 26. Nh4 b4 27. f5 bxc3 28. bxc3 Bxd5 {[#]} (28... Rb5 $11 {and Black has nothing to worry.}) 29. exd5 (29. Ng6+ $1 $18 {[%mdl 512]} Kg8 (29... hxg6 30. Qh4+) 30. Nxf8 Bxe4 31. Ne6) 29... Rfe8 $14 30. Rae1 Rxe1 ({Avoid the trap} 30... Qxa5 $2 31. Ng6+ $1 {[%mdl 512]} Kg8 32. Ne7+ Kh8 33. Nc6 $18) 31. Rxe1 {And now Ng6+! would win.} Qxa5 32. Qf3 ({Reject} 32. Qxd6 Qd8 $11) (32. Kh2 $1 $14 Qb6 33. Ng6+ $1 {[%mdl 512]} Kg8 34. Ne7+ Kh8 35. Nc6) 32... h6 $11 33. Ng6+ Kh7 34. Ne7 Qc5 35. Qg4 {[#]} (35. Qg3 $15) 35... Qf2 $1 $17 {[%cal Rf2e1]} 36. Rd1 Bc5 37. Nc6 Ra8 38. Rb1 (38. Na5 $15) 38... Qc2 (38... Qe3 $17 39. Kh2 Kg8 40. Qxc4 a5) 39. Re1 $1 $11 {The position is equal.} Qxc3 40. Qg6+ $1 Kh8 (40... Kg8 $5 41. Re8+ $8 Rxe8 42. Qxe8+ Kh7 43. Qg6+ Kh8 44. Qe8+ Kh7 45. Qg6+ Kh8 46. Qe8+ Kh7 $11) 41. Re8+ {Precision: White = 46%, Black = 65%.} 1/2-1/2

[Event "4th Chessfestival Gredine 2018"]
[Site "Ortisei"]
[Date "2018.06.22"]
[Round "7.2"]
[White "Santos Latasa, Jaime"]
[Black "Tarlev, Konstantin"]
[Result "1/2-1/2"]
[WhiteElo "2567"]
[BlackElo "2552"]
[Annotator "TA"]
[PlyCount "48"]
[EventDate "2018.06.16"]
[EventType "swiss"]
[EventCountry "ITA"]
[SourceTitle "playchess.com"]
[Source "ChessBase"]
[SourceQuality "1"]

{[%evp 26,48,1,0,14,0,0,18,12,20,18,21,12,-3,-6,0,12,-10,-10,-24,-10,-44,0,-60,-37]} 1. e4 e5 2. Nf3 Nc6 3. Bb5 {[%cal Bf1b5,Bb5a4,Ba4b3][%mdl 32]} a6 4. Ba4 Nf6 5. O-O Be7 6. Re1 b5 7. Bb3 d6 8. c3 {[%cal Bc2c3,Bc3c4][%mdl 32]} O-O 9. h3 Nb8 10. d4 Nbd7 11. c4 c6 {[%cal Bc7c6,Bc6c5][%mdl 32]} 12. Nc3 b4 {C95: Closed Ruy Lopez: Breyer Variation with 10 d4} 13. Ne2 Nxe4 14. Qc2 {LiveBook: 10 Games} Nef6 {The position is equal.} (14... f5 15. c5+ d5 16. Be3 Kh8 17. Nxe5 Nxe5 18. dxe5 Bh4 19. g3 Bg5 20. Bxg5 Qxg5 {1-0 (46) Grandelius,N (2652)-Amin,B (2700) Sharjah 2018}) 15. Ng3 c5 $1 16. dxe5 Nxe5 17. Nxe5 dxe5 18. Rxe5 Bd6 {[%cal Be7d6,Bd6e5,Be5f4][%mdl 32]} 19. Re1 $146 ({Predecessor:} 19. Re2 Re8 20. Bg5 Bxg3 21. fxg3 {½-½ (41) Niemi,K (2331)-Sammalvuo,T (2448) Helsinki 2017}) 19... Qc7 $36 {[%mdl 2048] Black has the initiative.} 20. Nf5 Be5 21. Bg5 a5 {next ...a4! is good for Black.} 22. Ba4 Ra6 23. Re2 g6 24. Nh4 (24. Ne3 $11) 24... Bf4 {Precision: White = 36%, Black = 50%.} 1/2-1/2